| 000 | 00376nam a22001337a 4500 | ||
|---|---|---|---|
| 008 | 250703b |||||||| |||| 00| 0 eng d | ||
| 020 | _a9781937537135 | ||
| 050 |
_aHD2744 _b.B44 |
||
| 100 | _aCFA. Institute | ||
| 245 | _aBehavioral Finance Individual Investors and Institutional Investors. | ||
| 260 |
_aCanada _bJohn Wiley & Sons _c2012 |
||
| 300 | _axiii, 497p. | ||
| 942 | _cBK | ||
| 999 |
_c4119 _d4119 |
||